LEADER 01298nam a2200277 i 4500 001 000000085068 003 CaOOAMICUS 005 20170919000000.0 008 170919s2011 it u000 u ita u 013 $a57308 020 $a978-88-95193-54-0 040 $aSeMil$bita 100 1 $aBeretta, Roberto <1976- >.$0(OLS)http://semarc/name/92229 245 10$a«Predestinati in Cristo Gesù» :$bl'antropologia teologica nel pensiero di Giuseppe Colombo (1923-2005) /$cRoberto Beretta. 260 $aVarzi :$bGuardamagna,$c2011. 300 $a486 p. ;$c24 cm. 490 0 $aQuaderni del Carmine ;$v2 650 4$aAntropologia teologica - Studi.$0(OLS)http://semarc/subject/17992 650 4$aColombo, Giuseppe .$0(OLS)http://semarc/subject/43814 830 0$aQuaderni del Carmine ;$v2.$0(OLS)http://semarc/title/401142 850 $aSeMil 852 $aSeMil$W1$xVenegono$y1$m2B V 383$j49209$B49209$CSeMilBibl$Z2$F52667 $81 961 $aOmaggio: Delpini mons. Mario 996 $6020$a978-88-95193-54-0$9(OLS)http://semarc/number/271699 996 $6245$a«Predestinati in Cristo Gesù» :$bl'antropologia teologica nel pensiero di Giuseppe Colombo (1923-2005)$9(OLS)http://semarc/title/405692 996 $6260$aVarzi :$bGuardamagna$9(OLS)http://semarc/publisher/40723 LEADER 01174nam a2200241 i 4500 001 000000222547 003 CaOOAMICUS 005 20130919000000.0 008 130919s2001 it u000 u ita u 013 $a201444 020 $a88-8025-278-X 040 $aSeMil$bita 245 10$a"Getterò le reti" Lc 5,5 :$blettera dell'Arcivescovo alle famiglie /$cCarlo Maria Martini. 260 $aMilano :$bCentro Ambrosiano di Documentazione e Studi Religiosi,$ccopyr. 2001. 300 $a30 p. ;$c17 cm. 650 4$aFamiglie - Attività pastorale.$0(OLS)http://semarc/subject/2884 650 4$aMartini, Carlo Maria - Scritti, discorsi, omelie, lettere pastorali, etc.$0(OLS)http://semarc/subject/6501 850 $aSeMil 852 $aSeMil$W1$xVenegono$y1$m5D V 20/22$j172893$B172893$CSeMilBibl$Z2$F183239 $81 961 $aRecupero: Altro 996 $6020$a88-8025-278-X$9(OLS)http://semarc/number/222148 996 $6245$a"Getterò le reti" Lc 5,5 :$blettera dell'Arcivescovo alle famiglie$9(OLS)http://semarc/title/319030 996 $6260$aMilano :$bCentro Ambrosiano di Documentazione e Studi Religiosi$9(OLS)http://semarc/publisher/30378